000 00468nam a2200157Ia 4500
005 20250422101806.0
008 231217s9999 xx 000 0 und d
020 _a9788131764619
082 _a001.6424 HOP;99
100 _aHopcroft, John E. Motwani, Rajeev. Ullman, Jeffrey D.
245 0 _aIntroduction to automata theory, languages and computation
250 _a3rd ed.
260 _c2012
_bDorling Kindersley
_aNoida
300 _axvi, 487+Q-16
942 _cAA
999 _c195281
_d195281